000
00346nam a2200157Ia 4500
008
221030s9999 xx 000 0 und d
020
_a
8176110108
041
_a
English
082
_a
105.23
_b
Sud
100
_a
G. S. Sudha
245
0
_a
Management
260
_b
RBSA Pub.
_a
Jaipur
_c
2001
300
_a
489
650
_a
Management
942
_c
BK
999
_c
2484
_d
2484